| 000 | 01200nam a22002895a 4500 | ||
|---|---|---|---|
| 008 | 100905t2002 nyua frb 001 0 eng d | ||
| 020 | _a0071122575 | ||
| 020 | _a9780071122573 | ||
| 040 |
_aEG-ScBUE _beng _cEG-ScBUE _dEG-ScBUE |
||
| 082 | 0 | 4 |
_a624 _bPEU _222 |
| 100 | 1 |
_aPeurifoy, R. L. _q(Robert Leroy), _d1902-1995. _925464 |
|
| 245 | 1 | 0 |
_aConstruction Planning, Equipment, and Methods / _cRobert L. Peurifoy, Clifford J. Schexnayder. |
| 250 | _a6th ed. | ||
| 260 |
_aNew York : _bMcGraw-Hill Higher Education, _cc.2002. |
||
| 300 |
_axvii, 669 p. : _bill. ; _c24 cm. |
||
| 490 | 0 | _aMcGraw-Hill Series in Construction Engineering and Project Management | |
| 500 | _aIndex : p. 659-669. | ||
| 504 | _aIncludes bibliographical references. | ||
| 650 | 7 |
_aBuilding. _2BUEsh _937769 |
|
| 651 | _2BUEsh | ||
| 653 |
_bENGCIV _cJanuary2016 |
||
| 700 | 1 |
_aSchexnayder, Cliff J. _917919 |
|
| 856 | 4 | 2 |
_3Contributor biographical information _uhttp://www.loc.gov/catdir/bios/mh042/2001030051.html |
| 856 | 4 | 2 |
_3Publisher description _uhttp://www.loc.gov/catdir/description/mh031/2001030051.html |
| 856 | 4 | 2 |
_3Table of contents _uhttp://www.loc.gov/catdir/toc/mh031/2001030051.html |
| 942 |
_cBB _k624 PEU _2ddc |
||
| 999 |
_c977 _d977 |
||